Obálka
Pro půjčování e-knih musíte být přihlášeni.
Jak si půjčit online?

Bílý tesák

Uloženo v:
Hlavní autor: London, Jack, 1876-1916 (Autor)
Další autoři: Tušl, Jiří, 1943- (Autor), Svoboda, Vladimír, 1927-2022 (Autor)
Médium: E-audiokniha
Jazyk:Czech
Vydáno: Praha Supraphon, 2003
Témata:
Tagy:
Žádné tagy
LEADER 01744nim a2200409 a 4500
001 313320
003 CZ PrSKC
005 20260601215739.0
008 100728s2003 xr ||||||||||||||czecze d
024 3 |a 099925543723 
040 |a HBG501  |b cze 
041 1 |a cze  |h eng 
072 7 |a 821.111  |x Anglická literatura, anglicky psaná  |2 Konspekt 
080 |a ZK 
100 1 |a London, Jack,  |d 1876-1916  |7 jn19990005166  |4 aut 
245 1 0 |a Bílý tesák  |h [zvukový záznam] /  |c Jack London ; překladatel Vladimír Svoboda ; hrají: Preiss V., Stropnický M., Meduna J., a další, Jiří Tušl 
260 |a Praha  |b Supraphon,  |c 2003 
300 |a 1 CD :  |b celkový čas- 79:28 
500 |a SU 5437-2-831 
653 0 |a dobrodružné romány  |a CD  |a knihy do ucha  |a zvukové knihy 
700 1 |a Tušl, Jiří,  |d 1943-  |7 kup19960000103438  |4 aut 
700 1 |a Svoboda, Vladimír,  |d 1927-2022  |7 jk01122094  |4 trl 
900 |a HBG501  |b 13 
044 |a xr 
505 0 0 |t Prolog (2 min., 35 sek.) 
505 0 0 |t V saloonu (4 min., 26 sek.) 
505 0 0 |t Osudny zapas (9 min., 51 sek.) 
505 0 0 |t V posledni chvili (8 min., 23 sek.) 
505 0 0 |t Dny detstvi (6 min., 43 sek.) 
505 0 0 |t Leta s Sedym bobrem (13 min., 25 sek.) 
505 0 0 |t Nezkrotitelny (6 min., 30 sek.) 
505 0 0 |t Laskavy pan (14 min., 23 sek.) 
505 0 0 |t Tesakova pomsta (3 min., 54 sek.) 
505 0 0 |t Vstric novemu zivotu (9 min., 12 sek.) 
910 |a RBIT002 
998 |d 402995  |a https://core.palmknihy.cz/api/books/402995/cover?sbz300  |b https://core.palmknihy.cz/api/books/402995/cover/400?sbz300  |c https://core.palmknihy.cz/api/books/402995/cover/50?sbz300  |e 2099-01-01  |i 099925543723  |l 4766  |q 49  |r 1  |s https://www.palmknihy.cz/kniha/402995  |t audiobook  |y 2003  |z 0 
999 |d 313318